=LDR 00000nam 2200000 4500 =001 INLIS000000000056621 =005 20200917093753 =035 ##$$a 0010-0920000252 =007 ta =008 200917###########################0###### =082 ##$$a 959.865 110 72 =084 ##$$a 959.865 110 72 Nun p =245 1#$$a Laporan Penelitian : $b Perubahan nilai budaya masyarakat petani suku sasak di sekitar kawasan bandara internasional lombol /$c Nuning Juniarsih =300 ##$$a vi, 48 halaman ; $c 28 cm =700 #$$a Ridwan =600 #4$$a Kebudayaan Sasak - Penelitian =264 ##$$a Mataram :$b LPPM, Universitas Mataram,$c 2018 =336 ##$$a Text$2 rdacontent =337 ##$$a Laporan$2 rdamedia =338 ##$$a Lain-lain$2 rdacarrier =990 ##$$a 33633363 =990 ##$$a 256/49/2020